[Event "Quebec-ch U20"]
[Site "Montreal"]
[Date "2014.02.08"]
[Round "3"]
[White "Ouellet, Maili Jade"]
[Black "Gao, Christine"]
[Result "0-1"]
[WhiteElo "1711"]
[BlackElo "1555"]
[PlyCount "76"]
[EventDate "2014.02.07"]
[EventType "swiss"]
[EventRounds "5"]
[EventCountry "CAN"]
[SourceTitle "EXT 2022"]
[Source "ChessBase"]
[SourceDate "2021.10.06"]
[SourceVersion "1"]
[SourceVersionDate "2021.10.06"]
[SourceQuality "1"]

1. d4 Nf6 2. c4 e6 3. Nc3 Bb4 4. Qc2 c5 5. e3 d5 6. Nf3 Nc6 7. a3 Bxc3+ 8. bxc3 cxd4 9. cxd4 Qc7 10. cxd5 exd5 11. Bb5 Qa5+ 12. Nd2 Qxb5 13. a4 Nb4 14. Qb3 Nd3+ 15. Kf1 Qxb3 16. Nxb3 Nxc1 17. Rxc1 Bd7 18. Nc5 Rc8 19. Ke2 Bc6 20. a5 Nd7 21. Nxd7 Kxd7 22. Kf3 Kd6 23. Kf4 Bb5 24. Rb1 Ba6 25. f3 Rc2 26. g4 Ra2 27. Ra1 Rxa1 28. Rxa1 Rc8 29. e4 Rc4 30. Ke3 Rc3+ 31. Kf2 Rd3 32. Ra4 Bc4 33. Rb4 Kc6 34. exd5+ Bxd5 35. f4 Rf3+ 36. Kg1 Rxf4 37. h3 Rf3 38. Kh2 Ra3 0-1

[Event "CAN-ch U14 Girls"]
[Site "Ottawa"]
[Date "2013.07.12"]
[Round "5"]
[White "Pobereshnikova, Agniya"]
[Black "Gao, Christine"]
[Result "1-0"]
[WhiteElo "1353"]
[BlackElo "1399"]
[PlyCount "41"]
[EventDate "2013.07.10"]
[EventType "swiss"]
[EventRounds "6"]
[EventCountry "CAN"]
[SourceTitle "EXT 2022"]
[Source "ChessBase"]
[SourceDate "2021.10.06"]
[SourceVersion "1"]
[SourceVersionDate "2021.10.06"]
[SourceQuality "1"]

1. e4 c5 2. Nf3 d6 3. d4 cxd4 4. Nxd4 Nf6 5. Nc3 g6 6. Be3 Bg7 7. Bc4 0-0 8. f3 Nc6 9. Qd2 Bd7 10. h4 Ne5 11. Bb3 h5 12. 0-0-0 Qa5 13. Kb1 Rfe8 14. Bg5 Nc6 15. Nde2 Ne5 16. Bh6 Bh8 17. Qg5 Qa6 18. Nf4 Nh7 19. Qg3 Nf6 20. Nxg6 Nxg6 21. Qxg6+ 1-0

[Event "CAN-ch U14 Girls"]
[Site "Ottawa"]
[Date "2013.07.10"]
[Round "2"]
[White "Zhou, Qiyu"]
[Black "Gao, Christine"]
[Result "1-0"]
[WhiteElo "2160"]
[BlackElo "1399"]
[PlyCount "81"]
[EventDate "2013.07.10"]
[EventType "swiss"]
[EventRounds "6"]
[EventCountry "CAN"]
[SourceTitle "EXT 2022"]
[Source "ChessBase"]
[SourceDate "2021.10.06"]
[SourceVersion "1"]
[SourceVersionDate "2021.10.06"]
[SourceQuality "1"]

1. e4 c5 2. Nf3 d6 3. d4 cxd4 4. Nxd4 Nf6 5. Nc3 g6 6. Be3 Bg7 7. f3 0-0 8. Qd2 Nc6 9. 0-0-0 d5 10. Qe1 Qc7 11. Nxd5 Nxd5 12. exd5 Nxd4 13. Bxd4 Bf5 14. Qf2 Rac8 15. Bd3 Qf4+ 16. Be3 Qb4 17. c3 Bxc3 18. Kb1 Bxd3+ 19. Rxd3 Rc4 20. Rxc3 Rxc3 21. Bd2 Rfc8 22. Qe1 Qd6 23. Bxc3 Qxd5 24. Qd1 Qf5+ 25. Qc2 Qc5 26. Rd1 Qc7 27. Qd3 e5 28. Qd7 Qxd7 29. Rxd7 f6 30. Rxb7 Ra8 31. Kc2 a6 32. a4 h5 33. Kd2 Rd8+ 34. Ke2 Rd6 35. a5 Rc6 36. Rb6 Rc5 37. Rxf6 Kh7 38. Rxa6 Rb5 39. Ra8 Rb7 40. Bxe5 Re7 41. Rh8# 1-0

[Event "Quebec-ch U12"]
[Site "Montreal"]
[Date "2012.11.24"]
[Round "3"]
[White "Gao, Christine"]
[Black "Serban, Diana"]
[Result "1-0"]
[WhiteElo "1296"]
[BlackElo "1233"]
[PlyCount "119"]
[EventDate "2012.11.23"]
[EventType "swiss"]
[EventRounds "5"]
[EventCountry "CAN"]
[SourceTitle "EXT 2022"]
[Source "ChessBase"]
[SourceDate "2021.10.06"]
[SourceVersion "1"]
[SourceVersionDate "2021.10.06"]
[SourceQuality "1"]

1. e4 c5 2. Nf3 d6 3. d4 cxd4 4. Nxd4 Nf6 5. Nc3 g6 6. Be3 Bg7 7. f3 0-0 8. Qd2 Nc6 9. 0-0-0 Nxd4 10. Bxd4 a6 11. g4 b5 12. h4 b4 13. Nd5 Nxd5 14. Bxg7 Kxg7 15. Qxd5 Rb8 16. h5 a5 17. hxg6 hxg6 18. Qd4+ e5 19. Qxd6 Qxd6 20. Rxd6 Be6 21. Kb1 Rfd8 22. Rxd8 Rxd8 23. Bd3 Kf6 24. b3 Rc8 25. Kb2 Kg5 26. a3 f5 27. axb4 axb4 28. Rg1 fxg4 29. fxg4 Rf8 30. c3 Rf3 31. Rd1 bxc3+ 32. Kxc3 Kxg4 33. b4 Bd7 34. Kc4 Kf4 35. b5 Bxb5+ 36. Kxb5 g5 37. Kc4 Rf2 38. Kd5 g4 39. Rf1 Kf3 40. Kxe5 Ke3 41. Rxf2 Kxf2 42. Bf1 Kf3 43. Kf5 Ke3 44. e5 Kd4 45. e6 Kd5 46. e7 g3 47. e8Q g2 48. Bxg2+ Kd4 49. Qe6 Kd3 50. Qe5 Kc4 51. Qd6 Kc3 52. Qd5 Kc2 53. Qd4 Kb3 54. Qc5 Kb2 55. Qc4 Ka1 56. Qb4 Ka2 57. Ke4 Ka1 58. Kd3 Ka2 59. Kc2 Ka1 60. Qb1# 1-0

[Event "CAN-ch U08 Girls"]
[Site "Quebec"]
[Date "2008.07.16"]
[Round "6"]
[White "Gao, Christine"]
[Black "Brichko, Kate"]
[Result "0-1"]
[WhiteElo "873"]
[BlackElo "816"]
[PlyCount "40"]
[EventDate "2008.07.14"]
[EventType "swiss"]
[EventRounds "7"]
[EventCountry "CAN"]
[SourceTitle "EXT 2011"]
[Source "ChessBase"]
[SourceDate "2010.11.26"]
[SourceVersion "1"]
[SourceVersionDate "2010.11.26"]
[SourceQuality "1"]

1. e4 e5 2. Nf3 Nc6 3. d4 Bd6 4. Nc3 Nf6 5. Be2 Qe7 6. 0-0 0-0 7. dxe5 Nxe5 8. Nxe5 Qxe5 9. f4 Bc5+ 10. Kh1 Qe7 11. e5 b6 12. exf6 Qxf6 13. Bf3 c6 14. Ne4 Qd4 15. Nxc5 Qxc5 16. b3 Ba6 17. Re1 Rfe8 18. Bb2 Qa5 19. Qxd7 Rxe1+ 20. Rxe1 Qxe1# 0-1